书目信息 |
| 题名: |
大国思维
|
|
| 作者: | 王宇 编著 | |
| 分册: | ||
| 出版信息: | 长沙 湖南人民出版社 2010.04 |
|
| 页数: | 273页 | |
| 开本: | 24cm | |
| 丛书名: | ||
| 单 册: | ||
| 中图分类: | I251 | |
| 科图分类: | ||
| 主题词: | 回忆录--作品集--中国--当代 | |
| 电子资源: | ||
| ISBN: | 978-7-5438-6395-8 | |
| 000 | 00910nam0 2200241 450 | |
| 001 | 012010609370 | |
| 005 | 20100802102817.68 | |
| 009 | 012004449343 | |
| 010 | @a978-7-5438-6395-8@dCNY30.00 | |
| 100 | @a20100515d2010 em y0chiy0110 ea | |
| 101 | 0 | @achi |
| 102 | @aCN@b430000 | |
| 105 | @ay z 000yy | |
| 200 | 1 | @a大国思维@ADa Guo Zhan Lue@e破解深藏于大国的思维奥妙@f王宇编著 |
| 210 | @a长沙@c湖南人民出版社@d2010.04 | |
| 215 | @a273页@d24cm | |
| 330 | @a本书从具体的故事和新闻案例入手,以辩论性的话语和直率的言论阐述了在现代文明社会里,所谓的大国和强国并不仅仅是指地域之大、资源之厚、武力之强、经济之繁、人口之众、财富之多,还体现在这个国家是否具备大国的思维与智慧。 | |
| 517 | 1 | @a破解深藏于大国的思维奥妙@Apo jie shen cang yu da guo de si wei ao miao |
| 606 | 0 | @a回忆录@x作品集@y中国@z当代 |
| 690 | @aI251@v4 | |
| 701 | 0 | @a王宇@Awang yu@4编著 |
| 801 | 0 | @aCN@c20100515 |
| 905 | @dI251@eW449@f3 | |
| 大国思维:破解深藏于大国的思维奥妙/王宇编著.-长沙:湖南人民出版社,2010.04 |
| 273页;24cm |
| ISBN 978-7-5438-6395-8:CNY30.00 |
| 本书从具体的故事和新闻案例入手,以辩论性的话语和直率的言论阐述了在现代文明社会里,所谓的大国和强国并不仅仅是指地域之大、资源之厚、武力之强、经济之繁、人口之众、财富之多,还体现在这个国家是否具备大国的思维与智慧。 |
| ● |
| 相关链接 |
|
|
|
正题名:大国思维
索取号:I251/W449
 
预约/预借
| 序号 | 登录号 | 条形码 | 馆藏地/架位号 | 状态 | 备注 |
| 1 | 994365 | 209943659 | 文学库108/ [索取号:I251/W449] | 在馆 | |
| 2 | 994366 | 209943668 | 文学库108/108文学库 66排10列2层/ [索取号:I251/W449] | 在馆 | |
| 3 | 994367 | 209943677 | 文学库108/108文学库 66排10列2层/ [索取号:I251/W449] | 在馆 |